Order Up - Hawaii - Statistics

General Stats
  • This quiz has been taken 6 times
  • The average score is 6 of 10
Answer Stats
Picture Answer % Correct
Poi
83%
Poke
83%
Shave Ice
83%
Loco Moco
67%
Spam Musubi
67%
Kalua Pig
50%
Malasada
50%
Huli Huli Chicken
33%
Lau Lau
33%
Saimin
33%
No matching quizzes found
Score Distribution
Percent of People with Each Score
Percentile by Number Answered
Your Score History
You have not taken this quiz